Globalizácia obchodu so službami a jej vplyv na svetovú a slovenskú dopravu

Salvato in:
Dettagli Bibliografici
Autore principale: Hansenová, Heda
Altri autori: Šaková, Beáta, Verček, Peter
Natura: Capitolo di libro
Lingua:slovacco
Tags: Aggiungi Tag
Nessun Tag, puoi essere il primo ad aggiungerne!!

MARC

LEADER 00000naa$a2200000$$$4500
001 0091194
005 20231003115305.0
041 0 |a slo 
044 |a CZ 
245 1 0 |a Globalizácia obchodu so službami a jej vplyv na svetovú a slovenskú dopravu  |c Heda Hansenová, Beáta Šaková, Peter Verček 
100 1 |a Hansenová, Heda 
700 1 |a Šaková, Beáta 
700 1 |a Verček, Peter